[Event "Arad op"]
[Site "Arad"]
[Date "2012.07.27"]
[Round "8"]
[White "Barbulescu, Serban Ioan"]
[Black "Marcu, Alin"]
[Result "1/2-1/2"]
[WhiteElo "1827"]
[BlackElo "2044"]
[PlyCount "35"]
[EventDate "2012.07.27"]
[EventType "swiss"]
[EventRounds "9"]
[EventCountry "ROU"]
[SourceTitle "CBM 149 Extra"]
[Source "ChessBase"]
[SourceDate "2012.08.24"]
[SourceVersion "1"]
[SourceVersionDate "2012.08.24"]
[SourceQuality "1"]

1. e4 c5 2. c3 Nf6 3. e5 Nd5 4. d4 cxd4 5. Nf3 e6 6. cxd4 d6 7. Bc4 Nb6 8. Bb5+ Bd7 9. Qe2 Bxb5 10. Qxb5+ Qd7 11. Nc3 Nc6 12. 0-0 Be7 13. Rd1 0-0 14. Bg5 d5 15. Bxe7 Qxe7 16. Qe2 a6 17. Rac1 Rac8 18. b3 1/2-1/2